000
00287nam a2200109Ia 4500
005
20251222144709.0
008
251222s9999||||xx |||||||||||||| ||spa||
020
_a
92-3-102-605-5
082
_a
005.74/U75
245
0
_a
Manual de referencia mini-micro CDS/ISIS (versión 2.3)
942
_c
LIB
999
_c
17767
_d
17767